Country Capitals By Letter- T - Statistics

General Stats
  • This quiz has been taken 1,642 times
  • The average score is 8 of 12
Answer Stats
Capital % Correct
Tashkent
81%
Tokyo
75%
Tehran
74%
Tunis
74%
Tallinn
72%
Taipei
71%
Tirana
71%
Tegucigalpa
68%
Tbilisi
64%
Tripoli
64%
Thimphu
55%
Tarawa
46%
No matching quizzes found
Score Distribution
Percent of People with Each Score
Percentile by Number Answered
Your Score History
You have not taken this quiz